00859naa a2200193 i 450000100060000000300090000600500170001500800410003202100070007303500220008004000130010204100080011504300080012310000340013124500980016552002470026365000360051077301190054618775ES-MaBCM20241016093920.0920521s1992 esp 000 0 spa d axx a(OCoLC)1365249325 cES-MaBCM0 aspa aesp1 aRío Disdier, Juan Pablo del10aEconomía y medio ambienteb: un debate que ya no tiene tiempocJuan Pablo del Río Disdier aEconomía y entorno desde la universidad. Medio ambiente y economía de mercado. Calidad de vida y nueva relación con la naturaleza. Escala global en mercados de propiedad. Un ejemplo de "business project". La empresa y el medio ambiente.27aProtección del medio ambiente0 aEn:tAnuario jurídico y económico escurialensedSan Lorenzo de El Escorial : 1992w104859gnº 24 ; p. 515-546